000
00257nam a22001217a 4500
020
_a
9781409308264
082
_a
823
_b
LAD/T
100
_a
LADY BIRD
245
_a
TINY CREATURES
260
_a
UK
_b
LADY BIRD
650
_a
ENGLISH SHORT STORY
_z
UK
942
_c
BK
999
_c
2419
_d
2419